| 000 | 00715nam a22002537a 4500 | ||
|---|---|---|---|
| 005 | 20170124110020.0 | ||
| 010 | _a405074 | ||
| 020 | _c00.00 | ||
| 035 | _a405074 | ||
| 037 | _bCen Lib/Ret | ||
| 040 |
_aDPL _bEN |
||
| 082 |
_a614.7 _bEHL |
||
| 100 |
_aEhlers, Victor M. _975178 |
||
| 245 |
_aMunicipal and rural sanitation / _cby Victor M. Ehlers [and] Ernest W. Steel |
||
| 246 | _b | ||
| 250 | _a6th ed | ||
| 260 |
_aLondon _bMcGraw-Hill Book Company _c1958 |
||
| 300 |
_axiv, 663p. : _c21cm(Hb) _bill |
||
| 500 | _aIncludes index | ||
| 650 |
_aPublic health _975179 |
||
| 650 |
_aSanitary engineering _975180 |
||
| 700 |
_aSteel, Ernest W. _919445 |
||
| 942 |
_2ddc _cEN _h614.7 _mEHL |
||
| 999 |
_c127114 _d127114 |
||